000 01455nam a2200361 4500
001 768714001
003 CO-MdFUSB
005 20260325105636.0
007 ta
008 240925t1969 -us||||| |||| 001 0 eng d
020 _a[No incluye ISBN]
040 _bspa.
_aCO-MdFUSB
_cCO-MdFUSB
_dCO-MdFUSBC
_erda
041 _aeng
082 _223
_a224
_bEL47
100 _aEllison, H. L. (Henry Leopold),
_eautor
245 4 _aThe prophets of Israel from Ahijah to Hosea
_c/ H. L. Ellison
264 1 _aGrand Rapids, Michigan :
_bWm. B. Eerdmans Publishing Company,
_c[1969]
264 4 _c©1969
300 _a176 páginas
_c; 23 cm
336 _2rdacontent
_atexto
_btxt
337 _2rdamedia
_asin mediación
_bn
338 _2rdacarrier
_avolumen
_bnc
500 _aIncluye índice y referencia bibliográfica
505 _aLa envidia de Efraín. -- El juicio en Betel. -- El crepúsculo de la profecía. -- Elías. -- Hijos de los profetas y otros. -- Elíseo. -- Jonás. -- Amos. -- Amós en Betel. -- El matrimonio de Oseas. -- La corrupción interna de Israel. -- La caída y el exilio de Israel. -- La gracia de Dios y la dureza del hombre. -- Libros para lectura adicional.
_g
563 _aPasta dura
630 0 7 _aBiblia.
_pAmos
653 _aProfetas — Antiguo Testamento
653 _aProfetismo en Israel
653 _aHistoria del profetismo
942 _cBK
945 _aCatherine Arias Alvarez
999 _c70975
_d70975